000 00465nam a22001577a 4500
005 20251108170137.0
008 250721s2002 xx 000 0 ara d
082 1 4 _aق/عوض
100 1 _aعوض الله، إبراهيم
245 1 0 _aنوافذ الغضب :
_bرواية /
264 1 _aعمان :
_bدار الحرية للنشر و التوزيع،
_c2002.
300 _a194ص.
650 1 7 _aالقصص العربية
942 _2ddc
_cBK
999 _c40800
_d40800